Statistiques concernant Culture Générale - Série 2497

Cliquez ici pour prendre le quiz!

Statistiques générales

  • Ce quiz a été pris 119 fois
  • Le résultat moyen est 4 sur 10

Statistiques - réponses

QuestionRéponse% Correct
Mot nouveau ou sens nouveau - 10 lettres commençant par " n "néologisme
67%
Quel fruit est appelé "comice" ?poire
64%
Qu'est-ce qu'un omble chevalier ?poisson
63%
Supériorité bienveillante mêlée de mépris - 14 lettres commençant par " c "condescendance
56%
Dans quel roman de 1948 trouve-t-on les personnages de « Folcoche » et de « Brasse-Bouillon » ? voir photo de l'auteurVipère au poing
51%
Comment appelle-t-on un jeune faisan ?faisandeau
40%
De quel roman de 1839 Fabrice del Dongo est-il le héros ?La Chartreuse de Parme
28%
La pièce de théâtre de Molière s'appelle " Tartuffe ou l'...imposteur
26%
Verre imitant une gemme, utilisé pour la confection de bijoux de fantaisiestrass
17%
Onomatopée exprimant l'incrédulité, la défiance, le mépris - 8 lettres avec 4 " a "taratata
6%

Distribution des résultats

Percentile par nombre de réponses

% des personnes avec chaque résultat

Votre développement - résultats

Vous n’avez pas pris ce quiz